000 00462nmm a2200169Ia 4500
008 251105s9999||||xx |||||||||||||||||und||
020 _a9788446038276
041 _aspa
100 _aVarios autores
245 0 _aQué hacemos por la vivienda
264 _a[Madrid, España] :
_bAkal,
_c2013
300 _a80 páginas
490 _aQué hacemos
650 _aEconomics and Business
856 _uhttps://public.digitaliapublishing.com/a/27978
942 _cCF
999 _c82956
_d82956